000 02015nam a22001577a 4500
041 _aukr
080 _a09
090 _bЯНЧ
100 _aЯнчук К.О.
245 _aФреймова структура концепту Love в афоризмах та висловлюваннях про кохання
260 _aОстрог
_bКАФ
_c2009
300 _a52
520 _aВСТУП РОЗДІЛ 1 ФРЕЙМ ЯК МЕНТАЛЬНА СТРУКТУРА ПРЕДСТАВЛЕННЯ ЗНАНЬ 1.1 Місце фрейму серед інших структур представлення знань. 1.1.1 Визначення фрейму. 1.1.2 Прототипи фрейму. 1.2 Способи активізації фрейму. 1.3.1 Концепція Марвіна Мінського. 1.3.2 Теорія гри Бейтсона. 1.3.3 Фреймова семантика Ч.Філмора. 1.3.4 Теорія когнітивних моделей Ван Дейка. РОЗДІЛ 2 СЕМАНТИЧНА НАПОВНЕНІСТЬ КОНЦЕПТУ LOVE В АНГЛІЙСЬКІЙ МОВІ 2.1 Поняття любові та класифікація її видів. 2.2 Семантичний аналіз конституентів концепту LOVE (на основі аналізу словникових статей). РОЗДІЛ 3 АНАЛІЗ НАЙПОШИРЕНІШИХ СЕМАНТИЧНИХ АСПЕКТІВ КОНЦЕПТУ LOVE НА ПРИКЛАДІ АФОРИЗМІВ ТА ВИСЛОВІВ ПРО КОХАННЯ 3.1 Найпоширеніші аспекти-конституенти концепту LOVE репрезентовані граматичною категорією іменника. 3.2 Найпоширеніші аспекти-конституенти концепту LOVE репрезентовані граматичною категорією дієслова. ВИСНОВКИ
_0фрейм, концепт Love
650 _aResearch Papers
999 _c284176
_d284176
942 _cBK